| 000 | 01242nam a2200229Ia 4500 | ||
|---|---|---|---|
| 003 | Ost | ||
| 005 | 20260507075602.0 | ||
| 008 | 260507s9999||||xx |||||||||||||| ||und|| | ||
| 020 | _a9960240397 | ||
| 040 | _cfsecg | ||
| 041 | _aara | ||
| 082 | _a0 | ||
| 100 |
_aنيجنفيتسكي، ميشيل _eمؤلف |
||
| 245 | 0 |
_aالذكاء الصناعي : _bدليل النظم الذكية / _c ميشيل نيجنفيتسكي |
|
| 260 |
_aالرياض: _bدار المريخ للنشر, _c2004 |
||
| 300 |
_a554 صفحة؛ _bإيضاحات ؛ _c24 سم |
||
| 504 | _aملاحق ص.531 | ||
| 520 | _aمقدمة للنظم الذكية المبنية على المعرفة, نظم الخبرة المبنية على القواعد, اضافة الى ادارة عدم التأكد في نظم الخبرة المبنية على القواعد, نظم الخبرة الضبابية, نظم الخبرة المبنية على الاطارات الشبكات العصبية الصناعية, الحوسبة الارتقائية, النظم الذكية الهجين و اخيرا هندسة المعرفة و تعدين البيانات. | ||
| 653 | _aالذكاء الصناعي | ||
| 653 | _aالنظم الذكية | ||
| 942 | _cكتاب | ||
| 999 |
_c45017 _d45017 |
||